000 00401nam a22001697a 4500
003 CEME
005 20210628202546.0
008 210316b xxu||||| |||| 00| 0 eng d
020 _a81-7319-007-0
040 _c.
082 _a621.37 RAT'D
100 _aRathore, T.S
_960487
245 _aDigital measurement techniques
260 _aNEW DELHI
_bNAROSA
_c1996
300 _a324P
942 _cBK
_2ddc
999 _c570193
_d570193